[Event "chess.com IoM Masters"]
[Site "Douglas ENG"]
[Date "2017.10.01"]
[Round "9.61"]
[White "Mueller, Philipp2"]
[Black "Fenil, Shah"]
[Result "0-1"]
[BlackTitle "FM"]
[WhiteElo "2220"]
[BlackElo "2362"]
[WhiteFideId "24683701"]
[BlackFideId "5019850"]
[EventDate "2017.09.23"]

1. e4 c5 2. Nf3 e6 3. d4 cxd4 4. Nxd4 Nc6 5. Nc3 Qc7 6. Be3 a6 7. Qf3 Bd6 8.
O-O-O Ne5 9. Qh3 Bb4 10. Qg3 Ne7 11. Ndb5 axb5 12. Nxb5 Qb8 13. Bb6 N5c6 14.
Qxg7 Rg8 15. Qh6 Ba5 16. Nc7+ Qxc7 17. Bxc7 Bxc7 18. a3 Ng6 19. g3 Ra4 20. Qe3
Nge5 21. Bb5 Ng4 22. Qe1 Ra5 23. a4 Bb6 24. b4 Ra8 25. Rf1 Nd4 26. h3 Ne5 27.
Qc3 Nef3 28. a5 Ba7 29. Kb2 Nxb5 30. Qxf3 Bd4+ 31. Kb3 e5 32. c3 Nxc3 33. Rxd4
exd4 34. Qf6 d6 35. Qxd4 Nb5 36. Qb6 Na7 37. Rc1 Nc6 38. Rxc6 bxc6 39. Qxc6+ Ke7
40. Qc7+ Bd7 41. e5 dxe5 42. Qxe5+ Be6+ 43. Ka4 Rac8 44. a6 Rc2 45. Ka5 Rd8 46.
Qg5+ f6 47. Qg7+ Bf7 48. Qxh7 Ra2+ 49. Kb6 Rd6+ 50. Kc5 Raxa6 51. Qe4+ Kf8 52.
b5 Rab6 53. Qa8+ Be8 54. f4 Re6 55. Kd5 Ke7 56. Qa3+ Red6+ 57. Ke4 Rxb5 58. f5
Bc6+ 59. Kf4 Rd5 60. Qa7+ Bd7 61. Kg4 Rxf5 62. Kh4 Rfd5 63. g4 Kf7 64. Qb8 Rd4
65. Qh8 Bf5 66. Kh5 Rd8 67. Qh6 Rg8 68. Kh4 Rdxg4+ 69. hxg4 Rxg4+ 70. Kh5 Rg3 0-1